00613nam a22001937a 450000500170000001000130001702000110003003700160004104000120005708200150006924500950008426000420017927000670022130000180028865000480030665000260035470000180038070000210039820170124105946.0 aB-181181 c150.00 bCen Lib/Ret aDPLbEN a305.4bGLI raGlimpses of women's empowerment in India /cedited by Girish Baruah [and] Hira Borpuzari  bSurinder Kumar and Sons aDelhic2003 a30/21A- 22A, Gali No.9 Vishwash Nagar, ShahadrabDelhie110032 a88p.c22m(Hb) aWomen in development -- India -- Congresses a Women in development aBaruah Girish aBorpuzari, Hira